000 00295nam a22001217a 4500
008 180122b xxu||||| |||| 00| 0 eng d
041 _aeng
080 _a030
100 _a23
101 _aENC
245 _aTHE BLACKWELL ENCYCLOPEDIA OF THE RUSSIAN REVOLUTION
_cHAROLD.SH
942 _2udc
_cBK
999 _c40645
_d40645